孤月行 . 卷一

資料類型: Book 圖書   書目號:49664

Leader xxxxxxxxxx
001 __ PCLIS00049664
005 __ 20230117094906.0
010 0_ |a978-986-287-296-3|b平裝|dNT$220
100 __ |a20160421d2011    m  y0chiy09      e
101 0_ |achi
102 __ |atw
105 __ |aa   z   000ay
200 1_ |a孤月行|h卷一|f張廉作|g何何舞插畫
205 __ |a初版
210 __ |a臺北市|c台灣國際角川|d2011[民100]
215 0_ |a275面|c彩圖|d21公分
225 2_ |aKadokawa fantastic novels DX
606 __ |2cst|a長篇小說
681 __ |a857.7|b876
700 _1 |a|b|4702 _0 |a何何舞|4插畫
801 _0 |atw|b內湖高中|c20160421|gCCR
801 _0 |atw|b內湖高中|c20161124|gCCR
801 _2 |atw|b內湖高中|c20230117|gCCR
詳細館藏 1-2 筆 (共 2 筆)
索 書 號登 錄 號冊次號館別 / 館藏地流通類型狀態加入預約清單電子資源
857.7 / 876 1023435 v.1 圖書館 / 一樓輕小說專區 可外借30天 在館   
857.7 / 876 1024323 v.1 圖書館 / 一樓輕小說專區 可外借30天 在館   

| 條列資料




目錄查詢 分類查詢 個人資料 圖書薦購 新書查詢 閉館日 排行榜 更多電子資源 Hami書城 線上資料庫 登出

From : 216.73.217.52

  本日流通累計至 14:50:11 借閱 : 0 次 續借 : 0 次 歸還 : 0 次 預約 : 0 次 電子資源 : 0 次


內湖高中圖書館  PCLIS 版本  26.5.0.12